South Asian regional cooperation (Record no. 353668)

000 -LEADER
fixed length control field 00465cam a22001457a 4500
008 - FIXED-LENGTH DATA ELEMENTS--GENERAL INFORMATION
fixed length control field 180718b1982 xxu||||| |||| 00| 0 eng d
082 ## - DEWEY DECIMAL CLASSIFICATION NUMBER
Classification number T394x54 Sa83
245 ## - TITLE STATEMENT
Title South Asian regional cooperation
Statement of responsibility, etc. edited by K. Satyamurty
260 ## - PUBLICATION, DISTRIBUTION, ETC.
Place of publication, distribution, etc. Hyderabad
Name of publisher, distributor, etc. Institute of Asian Studies
Date of publication, distribution, etc. 1982
300 ## - PHYSICAL DESCRIPTION
Extent 216p.
650 ## - SUBJECT ADDED ENTRY--TOPICAL TERM
Topical term or geographic name entry element Economic assistance - Asia, South
650 ## - SUBJECT ADDED ENTRY--TOPICAL TERM
Topical term or geographic name entry element Cooperation - Asia, South
650 ## - SUBJECT ADDED ENTRY--TOPICAL TERM
Topical term or geographic name entry element Commercial policy - Asia, South
700 ## - ADDED ENTRY--PERSONAL NAME
Personal name Satyamurty, K.
Holdings
Withdrawn status Lost status Damaged status Not for loan Permanent Location Current Location Date acquired Full call number Barcode Date last seen Price effective from Koha item type
        Indian Institute of Public Administration Indian Institute of Public Administration 1993-12-04 T394x54 Sa83 59037 2018-07-21 2018-07-21 Book

Powered by Koha